| 000 | 00371nam a2200121Ia 4500 | ||
|---|---|---|---|
| 005 | 20260328101527.0 | ||
| 008 | 260328s9999||||xx |||||||||||||| ||und|| | ||
| 100 | _aNeila González, Francisco Javier | ||
| 245 | 0 |
_aEl Soleamiento del Edificio / _cFrancisco Javier Neila González |
|
| 260 | _bEscuela de Arquitectura de Madrid | ||
| 650 | _aARQUITECTURA Y CLIMA | ||
| 942 | _cBK | ||
| 999 |
_c9839 _d9839 |
||